000 00351 a2200109 4500
001 ART_18309
005 20260410161919.0
008 260409a
245 1 0 _aLa contabilización del IVA y el concepto de precio neto
100 1 _aKoppmann, Enrique Victor
773 0 _tLa información
_g- Tomo XXXIII, Nº 556 (abr. 1976)
_wREV14902
999 _c27526
_d27526